00497nam a2200121Ia 4500008004100000100002100041245008200062245011300144260005900257650001800316650001500334856002600349170221s9999 xx 000 0 und d aRandall Starling aUsability Testing of an HPV Information Website for Parents and Adolescents  cRandall Starling, Jessica A. Nodulman, Alberta S. Kong, Cosette M. Wheeler, David B. Buller, W. Gill Woodall bOnline Journal of Communication and Media Technologies xCommunication xMedia Arts uhttp://www.ojcmt.net/